Logo BPK

Biblioteka

Politechniki Koszalińskiej

Obsługa i naprawy silników elektrycznych : (Rekord nr 1093)

Szczegóły MARC
000 -ETYKIETA REKORDU
podpole kontrolne o stałej długości 00452nam a2200157 i 4500
001 - NUMER KONTROLNY REKORDU
pole kontrolne bg
040 ## - ŹRÓDŁO KATALOGOWANIA
Instytucja, która utworzyła rekord BPK
041 ## - KOD JĘZYKA
Kod języka tekstu pol
080 ## - UNIWERSALNA KLASYFIKACJA DZIESIĘTNA - UKD
UKD 621.313.1
008 - POLE O STAŁEJ DŁUGOŚCI - DANE KONTROLNE
podpole kontrolne o stałej długości s pl f |000 0 pol
100 1# - NAZWA OSOBOWA
Nazwa osobowa SKIBIŃSKI, Aleksander
245 #0 - TYTUŁ/ODPOWIEDZIALNOŚĆ
Tytuł Obsługa i naprawy silników elektrycznych :
Ciąg dalszy tytułu zasady bezpiecznej pracy /
Pozostałe elementy strefy tytułu i oznaczenia odpowiedzialności Aleksander Skibiński.
260 ## - STREFA ADRESU WYDAWNICZEGO
Miejsce wydania Warszawa,
Data publikacji, dystrybucji/powstania dokumentu 1984.
650 #9 - HASŁO PRZEDMIOTOWE W FORMIE NAZWY OGÓLNEJ LUB JEDNOSTKOWEJ
Nazwa ogólna lub geograficzna Silniki elektryczne
Określnik ogólny obsługa i eksploatacja
856 ## - LOKALIZACJA I DOSTĘP DO ELEKTRONICZNYCH DOKUMENTÓW ZDALNYCH
Link (URL) http://koha.tu.koszalin.pl/cgi-bin/koha/opac-detail.pl?biblionumber=1093
Tekst linku Katalog online BPK
942 ## - DODATKOWE ELEMENTY (KOHA)
Typ dokumentu Książka
Egzemplarze
Wycofany Status egzemplarza Uszkodzony Dostępność Lokalizacja stała Lokalizacja bieżąca Miejsce przechowywania Sygnatura Kod kreskowy Typ dokumentu
      Dostępny Biblioteka Politechniki Koszalińskiej Biblioteka Politechniki Koszalińskiej Wypożyczalnia BG P 22485 01423259 Książka
© 2023 Biblioteka Politechniki Koszalińskiej :: KOHA